=LDR 00000nam 2200000 4500 =001 INLIS000000000030904 =005 20130612133019 =008 ***********************************ind** =035 ##$$0010-061300000030904 =041 ##$$a ind =082 ##$$a F Rom K =090 ##$$a F Rom K, Rey l =100 ##$$a Riyanto, Slamet =245 ##$$a The Legend of ki Ageng MangirWonoboyo, oleh Slamet Riyanto =260 ##$$a 2008 $b Yogyakarta =300 ##$$a 72 hlm, ilus, 19 cm....(Buku cerita dongeng) =650 ##$$a Fiksi Kanak-kanak =850 ##$$a NBPNMAT =990 ##$$a 16381638 =990 ##$$a 16391639 =990 ##$$a 20901422 =990 ##$$a 1200001638